000 00296nam a2200121Ia 4500
008 180117s9999 xx 000 0 und d
100 _aby Zac Sarian
245 _aAgri Talk
260 _c2016
300 _a25-26 pages, 2016 January 24
440 _aPhilippine Panorama
650 _aAGRICULTURE
999 _c353342
_d353342